| 000 | 00700nam a2200277Ia 4500 | ||
|---|---|---|---|
| 005 | 20260320195752.0 | ||
| 008 | 008 262003s9999 xx 000 0 hin d | ||
| 020 | _a9789393768971 | ||
| 037 | _aEBOOK | ||
| 040 | _aCRL | ||
| 040 | _bhin | ||
| 040 | _cCRL | ||
| 041 | _2hin | ||
| 041 | _ahin | ||
| 084 | _qCRL | ||
| 100 |
_aगीतांजलि श्री _91132909 |
||
| 245 | 0 | _aयहाँ हाथी रहते थे | |
| 250 | _a1st | ||
| 260 | _bRajkamal | ||
| 260 | _c2022 | ||
| 300 | _a183 | ||
| 856 | _uhttps://ebook.indiaread.in/pdfs/542_yahan_haathi_rahate_thhe_by_geetanjali_shree.pdf | ||
| 942 | _cEBOOK | ||
| 999 |
_c1716391 _d1716391 |
||